| 000 -CABECERA |
| campo de control de longitud fija |
00658nam a2200181 a 4500 |
| 001 - NÚMERO DE CONTROL |
| campo de control |
000078581 |
| 005 - FECHA Y HORA DE LA ÚLTIMA TRANSACCIÓN |
| campo de control |
20200120224322.0 |
| 008 - DATOS DE LONGITUD FIJA--INFORMACIÓN GENERAL |
| campo de control de longitud fija |
990721s1996 ck a gr| 0 spa d |
| 082 04 - NÚMERO DE LA CLASIFICACIÓN DECIMAL DEWEY |
| Número de clasificación |
342.02861 |
| Número de documento/Ítem |
M45 |
| Número de edición |
21 |
| 110 2# - ENTRADA PRINCIPAL--NOMBRE DE ENTIDAD CORPORATIVA |
| Nombre de entidad corporativa o nombre de jurisdicción como elemento de entrada |
Ministerio de Cultura |
| 245 10 - MENCIÓN DE TÍTULO |
| Título |
Veinte años de la constitución 1991-2011 / |
| Mención de responsabilidad, etc. |
Ministerio de Cultura. |
| 260 ## - PUBLICACIÓN, DISTRIBUCIÓN, ETC. |
| Lugar de publicación, distribución, etc. |
Bogotá : |
| Nombre del editor, distribuidor, etc. |
Biblioteca Nacional de Colombia, |
| Fecha de publicación, distribución, etc. |
[s.a]. |
| 300 ## - DESCRIPCIÓN FÍSICA |
| Extensión |
2 afiches. |
| 500 ## - NOTA GENERAL |
| Nota general |
Material bibliografíco Donación Plan Nacional para Biblioteca Pública San Juan Bosco |
| 650 14 - PUNTO DE ACCESO ADICIONAL DE MATERIA--TÉRMINO DE MATERIA |
| Término de materia o nombre geográfico como elemento de entrada |
Constitución |
| Subdivisión cronológica |
1991-2011 |
| 650 24 - PUNTO DE ACCESO ADICIONAL DE MATERIA--TÉRMINO DE MATERIA |
| Término de materia o nombre geográfico como elemento de entrada |
Derecho constitucional |
| Subdivisión cronológica |
1991-2011 |
| 650 24 - PUNTO DE ACCESO ADICIONAL DE MATERIA--TÉRMINO DE MATERIA |
| Término de materia o nombre geográfico como elemento de entrada |
Reformas constitucionales |
| Subdivisión cronológica |
1991-2011 |
| 952 ## - LOCALIZACIÓN E INFORMACIÓN DEL ÍTEM/UNIDAD FÍSICA (KOHA) |
| -- |
Perdido |
| 952 ## - LOCALIZACIÓN E INFORMACIÓN DEL ÍTEM/UNIDAD FÍSICA (KOHA) |
| -- |
Perdido |